2025-2026 Cleveland Browns Roster - Statistics

General Stats
  • This quiz has been taken 41 times
  • The average score is 20 of 51
Answer Stats
Position Name % Correct
Wide Receiver Jerry Jeudy
97%
Running Back Raheim Sanders
97%
Quarterback Shedeur Sanders
97%
Quarterback Dillon Gabriel
93%
Tight End Harold Fannin Jr.
90%
Tight End David Njoku
87%
Defensive Lineman Myles Garrett
83%
Wide Receiver Cedric Tillman
80%
Cornerback Denzel Ward
77%
Running Back Dylan Sampson
77%
Offensive Lineman Joel Bitonio
73%
Wide Receiver Isaiah Bond
70%
Defensive Lineman Mason Graham
63%
Cornerback Tyson Campbell
60%
Linebacker Devin Bush
47%
Safety Grant Delpit
47%
Wide Receiver Jamari Thrash
37%
Offensive Lineman Luke Wypler
37%
Safety Rayshawn Jenkins
37%
Safety Ronnie Hickman
37%
Offensive Lineman Teven Jenkins
37%
Defensive Lineman Alex Wright
33%
Placekicker Andre Szmyt
33%
Tight End Blake Whiteheart
33%
Offensive Lineman Cam Robinson
33%
Punter Corey Bojorquez
33%
Defensive Lineman Shelby Harris
33%
Defensive Lineman Isaiah McGuire
30%
Offensive Lineman K.T. Leveston
27%
Wide Receiver Malachi Corley
27%
Linebacker Jerome Baker
23%
Defensive Lineman Michael Hall Jr.
23%
Long Snapper Rex Sunahara
23%
Defensive Lineman Cameron Thomas
20%
Offensive Lineman Zak Zinter
20%
Wide Receiver Gage Larvadain
17%
Linebacker Mohamoud Diabate
17%
Cornerback Myles Harden
17%
Cornerback Sam Webb
17%
Tight End Brenden Bates
13%
Defensive Lineman Adin Huntington
10%
Offensive Lineman Cornelius Lucas
10%
Safety Chris Edmonds
7%
Offensive Lineman Kendrick Green
7%
Defensive Lineman Sam Kamara
7%
Running Back Trayveon Williams
7%
Cornerback Tre Avery
7%
Safety Donovan McMillon
3%
Linebacker Edefuan Ulofoshio
3%
Offensive Lineman Jeremiah Byers
3%
Offensive Lineman Kingsley Eguakunm
0%
No matching quizzes found
Score Distribution
Percent of People with Each Score
Percentile by Number Answered
Your Score History
You have not taken this quiz